| 000 | 00399nam a2200157Ia 4500 | ||
|---|---|---|---|
| 008 | 160316s1990 xxu||||| |||| 00| 0 eng d | ||
| 082 |
_a343.055000 _bBAN |
||
| 100 | _aBannerjee Robin | ||
| 245 | _aA complete guide to law and procedure of Modvat | ||
| 250 | _a | ||
| 260 |
_aCalcutta _bKamal Law House _c1990 |
||
| 300 |
_aA439 _b _c |
||
| 365 | _bRs.250/- | ||
| 650 | _a1.Modvat Law | ||
| 700 |
_a _a |
||
| 999 |
_c5489 _d5489 |
||